If I Could Fly - One Direction (All Lyrics) - Statistics

General Stats
  • This quiz has been taken 186 times
  • The average score is 255 of 285
Answer Stats
Lyrics % Correct
a
100%
I
100%
(I
100%
could
99%
fly
99%
if
99%
me
99%
you
99%
home
98%
right
98%
to
98%
back
96%
when
96%
and
95%
be
95%
for
95%
heart
95%
heart)
95%
my
95%
we're
95%
where
95%
who
95%
I'd
94%
your
94%
are
93%
are)
93%
coming
93%
eyes
93%
I'll
93%
i'll
93%
I'm
93%
i'm
93%
im
93%
lonely
93%
now
93%
only
93%
think
93%
you're
93%
know
91%
of
91%
show
91%
(show
91%
might
90%
apart
89%
that
88%
down
84%
feel
84%
forget
84%
(forget
84%
give
84%
it,
83%
it)
83%
just
83%
up
83%
ask
82%
hope
82%
missing
82%
can
80%
completely
80%
half
80%
let
80%
listen
80%
'cause
79%
everything,
79%
guard
78%
ive
76%
I've
76%
dont
74%
don't
74%
got
74%
mine
74%
attention,
73%
pay
73%
from
72%
scars
71%
thing
71%
run
68%
time
68%
even
67%
always
66%
been
66%
inside
66%
mind
66%
out
66%
though
66%
can't
65%
defenceless
65%
seen
65%
they
63%
going
61%
wasting
61%
hard
55%
here
54%
but
52%
gets
48%
pain
40%
No matching quizzes found
Score Distribution
Percent of People with Each Score
Percentile by Number Answered
Your Score History
You have not taken this quiz